Episodes in the mathematics of medieval islam / (Record no. 3808)
[ view plain ]
| 000 -LEADER | |
|---|---|
| fixed length control field | 00556nam a22001817a 4500 |
| 005 - DATE AND TIME OF LATEST TRANSACTION | |
| control field | 20150124120411.0 |
| 008 - FIXED-LENGTH DATA ELEMENTS--GENERAL INFORMATION | |
| fixed length control field | 101110t nyu||||| |||| 00| 0 eng d |
| 020 ## - INTERNATIONAL STANDARD BOOK NUMBER | |
| International Standard Book Number | 0387406050 |
| 050 04 - LIBRARY OF CONGRESS CALL NUMBER | |
| Classification number | QA27.A67 |
| Item number | B47 2003 |
| 100 1# - MAIN ENTRY--PERSONAL NAME | |
| Personal name | Berggren, J. L. |
| 245 10 - TITLE STATEMENT | |
| Title | Episodes in the mathematics of medieval islam / |
| Statement of responsibility, etc | J. L. Berggren. |
| 250 ## - EDITION STATEMENT | |
| Edition statement | 1a ed. |
| 260 ## - PUBLICATION, DISTRIBUTION, ETC. (IMPRINT) | |
| Place of publication, distribution, etc | New York : |
| Name of publisher, distributor, etc | Springer, |
| Date of publication, distribution, etc | 2003 |
| 300 ## - PHYSICAL DESCRIPTION | |
| Extent | xiv, 197 p. : |
| Other physical details | il. ; |
| Dimensions | 24 cm. |
| 504 ## - BIBLIOGRAPHY, ETC. NOTE | |
| Bibliography, etc | Incluye bibliografía e índice |
| 650 #7 - SUBJECT ADDED ENTRY--TOPICAL TERM | |
| Source of heading or term | Lemb |
| Topical term or geographic name as entry element | Matemáticas |
| General subdivision | Historia |
| Geographic subdivision | Paises Arabes |
| 942 ## - ADDED ENTRY ELEMENTS (KOHA) | |
| Source of classification or shelving scheme | Clasificación Decimal Dewey |
| Koha item type | Libro |
| Tipo de daño | Estado de pérdida | Fuente de clasificación | Estado del daño | No para préstamo | Ubicación permanente | Ubicación actual | Apartado o colección | Fecha de adquisición | Enumeración de Serie / Cronológica | Clasificación | Código de Barras | Date last seen | Número de copia | Tipo de recurso | Nota pública |
|---|---|---|---|---|---|---|---|---|---|---|---|---|---|---|---|
| Biblioteca del Cogreso de los Estados Unidos | Biblioteca de la Facultad de Físico Matemáticas | Biblioteca de la Facultad de Físico Matemáticas | General | 10/11/2010 | FFM000003220 | QA27 .A67 B47 2003 C:1 | FFM000003220 | 16/01/2015 | C:1 | Libro | Solo para lectura |